Closest Division 1 CFB Team to Each NFL Team - Statistics

General Stats
  • This quiz has been taken 85 times
  • The average score is 15 of 32
Answer Stats
NFL Team CFB College % Correct
Ravens Maryland
88%
Steelers Pittsburgh
68%
Dolphins Miami
65%
Bills Buffalo
63%
Vikings Minnesota
62%
Texans Houston
60%
Browns Akron
59%
Chiefs Kansas
59%
Packers Wisconsin
59%
Patriots Boston College
57%
Broncos Colorado
57%
Falcons Georgia Tech
57%
Raiders UNLV
57%
Lions Michigan
56%
Chargers USC
54%
Titans Vanderbilt
54%
Bears Northwestern
53%
Eagles Temple
50%
Saints Tulane
50%
Panthers Charlotte
47%
Rams UCLA
47%
Jaguars Florida
46%
Cardinals Arizona State
43%
Seahawks Washington
43%
Cowboys SMU
38%
Buccaneers Florida State
34%
Commanders Navy
26%
Jets Army
25%
Giants Army
24%
Colts Ball State
22%
49ers California
21%
Bengals Cinicnnati
1%
No matching quizzes found
Score Distribution
Percent of People with Each Score
Percentile by Number Answered
Your Score History
You have not taken this quiz